Εκπαιδευτική ηγεσία : από την περίοδο της ευμενούς αδιαφορίας στη σύγχρονη εποχή

Αποθηκεύτηκε σε:
Λεπτομέρειες βιβλιογραφικής εγγραφής
Κύριος συγγραφέας: Πασιαρδής, Πέτρος, 1957-
Μορφή: Βιβλίο
Γλώσσα:Greek
Δημοσίευση: [Αθήνα] : Μεταίχμιο, [2004].
Σειρά:Επιστήμες της αγωγής (Μεταίχμιο)
Θέματα:
Ετικέτες: Προσθήκη ετικέτας
Δεν υπάρχουν, Καταχωρήστε ετικέτα πρώτοι!

MARC

LEADER 00000cam a2200000 i 4500
001 1/22433
008 060120s2004 gr | | | ||| | gre||
020 |a 9603757225 
035 |l 10082138 
040 |a GR-MY-UA  |b gre  |e aacr 
041 0 |a gre 
082 0 |a 302.23   |2 (22) 
100 1 |a Πασιαρδής, Πέτρος,   |d 1957- 
245 1 0 |a Εκπαιδευτική ηγεσία :   |b από την περίοδο της ευμενούς αδιαφορίας στη σύγχρονη εποχή /   |c Πέτρος Πασιαρδής. 
260 |a [Αθήνα] :   |b Μεταίχμιο,   |c [2004]. 
300 |a 302 σ. ;   |c 21 εκ. 
490 1 |a (Επιστήμες της αγωγής) 
650 0 0 |a Education and state  |z Greece. 
650 0 0 |a Higher education and state  |z Greece. 
650 0 0 |a Politics and education  |z Greece. 
830 0 |a Επιστήμες της αγωγής (Μεταίχμιο) 
852 |a INST  |b RHODES  |e 20060120  |h 379.495 ΠΑΣ  |p 005400021536  |q 005400021536  |t BK  |y 4  |x 20230215 
901 |a BIBL4-2006-1 
909 |a Ρ  |b 123058 
970 |a ΚΟΖΑ  |b ΜΑΡΙΑ  |z 2006/01/20